| 000 | 00573nam a2200181 i 4500 | ||
|---|---|---|---|
| 001 | 114343 | ||
| 003 | ES-MaACL | ||
| 005 | 20231227160644.0 | ||
| 007 | t| | ||
| 008 | 061121s1974 sp |||| | spa d | ||
| 100 | 1 |
_aOrtiz Griffin, Julia. _987622 |
|
| 245 | 1 | 0 |
_aDrama y sociedad en la obra de Benavente _b: (1894-1914) / _cJulia Ortiz Griffin. |
| 260 |
_aMadrid : _bAnaya, _c1974. |
||
| 300 |
_a284 p. ; _c21 cm. |
||
| 600 | 1 | 7 |
_aBenavente, Jacinto, _d1866-1954- _xCrÃtica e interpretación _2 _9169710 |
| 852 |
_aES-MaACL _jE-7076 |
||
| 999 |
_c114343 _d114343 |
||